| 000 | 01210nam a2200289 i 4500 | ||
|---|---|---|---|
| 003 | DO-SdBNP | ||
| 005 | 20240419085508.0 | ||
| 006 | a||||gr|||| 00| 0 | ||
| 007 | ta | ||
| 008 | 240418e2023 dr a|||| |||| 00| 0 spa d | ||
| 040 |
_aDO-SdBNP _bspa _cBNPHU _erda |
||
| 082 | 4 |
_222 _bS168s |
|
| 111 | 2 |
_aXXXIX Exposición Individual _n(1 _d2023 _cMuseo Nacional de Historia y Geografía, Santo Domingo). _985275 _jautor |
|
| 245 | 1 | 0 |
_aSinfonías pictóricas: _bXXXIX exposición individual, Museo Nacional de historia y geografía, desde el 19 de octubre hasta el 19 de noviembre 2023/ _cFabré Sallent; presentación, Freddy Ginebra. |
| 264 | 4 |
_a[Santo Domingo] _bMuseo Nacional de Historia y Geografía, _c2023 |
|
| 300 |
_a6 hojas plegables : _bIlustraciones ; _c27 cm. |
||
| 336 |
_2rdacontent _atexto _btxt |
||
| 337 |
_2rdamedia _asin mediación _bn |
||
| 338 |
_2rdacarrier _avolulmen _bnc |
||
| 590 | _aInventariado 2024 / MF | ||
| 600 | 1 | 4 |
_2Sallent, Fabré _xExposición Pinturas. _985276 |
| 650 | 4 |
_aArte dominicano _984600 _xExposiciones |
|
| 650 | 4 |
_aPintura _xExposiciones _980083 |
|
| 650 | 4 |
_aPintura _980232 _zRepública Dominicana |
|
| 700 | 1 |
_aGinebra, Freddy, _921605 _eprólogo |
|
| 942 |
_2ddc _cLF2 |
||
| 999 |
_c56447 _d56447 |
||